000 00594nam a2200229Ia 4500
003 OSt
005 20221005125049.0
006 a|||||r|||| 00| 0
007 ta
008 221004b |||||||| |||| 00| 0 mal d
024 _a56655
037 _cTextual
040 _aCRL
_cCRL
_bmal
041 _2mal
_amal
082 _aO32,3N10x, K7
100 _aBasheer V.M
_9636161
245 0 _aOru bhagavathgeethayum Kure Mulakalum
260 _c1967
650 _aMALAYALAM LITERATURE
_938866
942 _hO32,3N10x, K7
_cTEXL
_2cc
999 _c1052584
_d1052584